[Event "CHN-chT (Women)"]
[Site "Qingdao"]
[Date "2024.04.05"]
[Round "4.2"]
[White "Shao, Qiyu"]
[Black "He, Yi"]
[Result "1-0"]
[WhiteElo "1764"]
[BlackElo "1636"]
[PlyCount "150"]
[EventDate "2024.04.02"]
[EventType "team-swiss"]
[EventRounds "9"]
[EventCountry "CHN"]
[SourceTitle "CB16_2024"]
[SourceDate "2024.04.17"]
[SourceVersion "1"]
[SourceVersionDate "2024.04.17"]
[SourceQuality "1"]
[WhiteTeam "Qingdao (W)"]
[BlackTeam "Anhui (W)"]
[WhiteTeamCountry "CHN"]
[BlackTeamCountry "CHN"]

1. c4 Nf6 2. Nc3 e6 3. Nf3 d5 4. d4 dxc4 5. Bg5 h6 6. Bh4 Be7 7. e3 a6 8. Bxc4 b5 9. Bd3 Bb7 10. Rc1 Nbd7 11. 0-0 0-0 12. Re1 c5 13. Bxf6 Nxf6 14. dxc5 Bxc5 15. Nxb5 Bxe3 16. Rxe3 axb5 17. a3 Qb6 18. h3 Rfd8 19. Qb3 Nd5 20. Ree1 b4 21. Be4 Rab8 22. a4 Qa5 23. Ne5 Ra8 24. Qf3 f5 25. Bc2 Qa6 26. Qh5 Rf8 27. Nd3 Qd6 28. Qe2 Rae8 29. Bb3 Ba6 30. Qe5 Qxe5 31. Nxe5 Rc8 32. Nc6 Kf7 33. Nd4 Rxc1 34. Rxc1 Bb7 35. Rc5 Kf6 36. Bxd5 Bxd5 37. Rb5 Rc8 38. Rxb4 Rc1+ 39. Kh2 Rf1 40. f3 f4 41. Rb6 Ra1 42. Rb4 Rf1 43. Ne2 g5 44. Nc3 Ke5 45. a5 Ra1 46. Na4 Bc6 47. Nb6 Kd6 48. b3 Kc5 49. Rc4+ Kd6 50. Rc2 Bb7 51. b4 Rb1 52. Nc4+ Kd5 53. Nb6+ Kd6 54. Rc4 Ba6 55. Rd4+ Ke5 56. Re4+ Kd6 57. Na4 Bb7 58. Rd4+ Ke5 59. Rc4 Ba6 60. Re4+ Kd6 61. Nc5 Bc8 62. Rc4 Kd5 63. Re4 Kd6 64. Nd3 Ba6 65. Rd4+ Kc6 66. Ne5+ Kb5 67. Nf7 Rxb4 68. Rxb4+ Kxb4 69. Nxh6 Kxa5 70. Nf7 Bd3 71. Nxg5 e5 72. h4 Bg6 73. Ne4 Kb6 74. Nf6 Kc5 75. h5 Kb4 1-0

[Event "CHN-chT (Women)"]
[Site "Qingdao"]
[Date "2024.04.03"]
[Round "2.2"]
[White "Ding, Shirui"]
[Black "Shao, Qiyu"]
[Result "0-1"]
[WhiteElo "1749"]
[BlackElo "1764"]
[PlyCount "74"]
[EventDate "2024.04.02"]
[EventType "team-swiss"]
[EventRounds "9"]
[EventCountry "CHN"]
[SourceTitle "CB16_2024"]
[SourceDate "2024.04.17"]
[SourceVersion "1"]
[SourceVersionDate "2024.04.17"]
[SourceQuality "1"]
[WhiteTeam "Zhejiang (W)"]
[BlackTeam "Qingdao (W)"]
[WhiteTeamCountry "CHN"]
[BlackTeamCountry "CHN"]

1. d4 Nf6 2. c4 e6 3. Nf3 b6 4. g3 Ba6 5. Qc2 c5 6. Bg2 Nc6 7. dxc5 Bxc5 8. a3 Bb7 9. 0-0 0-0 10. Nbd2 Rc8 11. Ne4 Be7 12. b3 d5 13. Nxf6+ Bxf6 14. Rb1 dxc4 15. bxc4 Na5 16. Bf4 Rxc4 17. Qa2 Qc8 18. Rfc1 Rd8 19. h4 Bd5 20. Rxc4 Nxc4 21. Rc1 b5 22. Qc2 Qb7 23. a4 b4 24. Ng5 Bxg5 25. Bxd5 exd5 26. Bxg5 Re8 27. Qd3 h6 28. Bf4 a5 29. e3 Qc6 30. Qb3 Qd7 31. Kg2 Rc8 32. Kh2 Nb6 33. Ra1 Qf5 34. Ra2 g5 35. hxg5 hxg5 36. Bd6 Rc6 37. Bxb4 Qf3 0-1

[Event "CHN-chT (Women)"]
[Site "Qingdao"]
[Date "2024.04.02"]
[Round "1.1"]
[White "Yan, Tianqi"]
[Black "Shao, Qiyu"]
[Result "0-1"]
[WhiteElo "2303"]
[BlackElo "1764"]
[PlyCount "62"]
[EventDate "2024.04.02"]
[EventType "team-swiss"]
[EventRounds "9"]
[EventCountry "CHN"]
[SourceTitle "CB16_2024"]
[SourceDate "2024.04.17"]
[SourceVersion "1"]
[SourceVersionDate "2024.04.17"]
[SourceQuality "1"]
[WhiteTeam "Hangzhou (W)"]
[BlackTeam "Qingdao (W)"]
[WhiteTeamCountry "CHN"]
[BlackTeamCountry "CHN"]

1. e4 c5 2. Nf3 e6 3. d4 cxd4 4. Nxd4 Nc6 5. Nc3 Qc7 6. Be3 a6 7. Qd2 Nf6 8. 0-0-0 Bb4 9. f3 d5 10. Bg5 Nxd4 11. Bxf6 Nxf3 12. gxf3 gxf6 13. exd5 Bxc3 14. bxc3 exd5 15. c4 Be6 16. cxd5 0-0-0 17. d6 Qc5 18. Kb2 Rd7 19. Qd4 Qxd4+ 20. Rxd4 Rhd8 21. Bd3 Rxd6 22. Rxd6 Rxd6 23. Bxh7 f5 24. h4 Kd8 25. h5 Ke7 26. Rg1 Bd7 27. Re1+ Kf8 28. Re5 Rh6 29. Rd5 Be6 30. Rd8+ Kg7 31. Bg8 Rxh5 0-1

[Event "CHN-ch U20 Girls"]
[Site "Shanghai"]
[Date "2024.02.20"]
[Round "10"]
[White "Wang, Shunshun"]
[Black "Shao, Qiyu"]
[Result "1-0"]
[WhiteElo "1514"]
[BlackElo "1624"]
[PlyCount "105"]
[EventDate "2024.02.16"]
[EventType "swiss"]
[EventRounds "11"]
[EventCountry "CHN"]
[SourceTitle "CB09_2024"]
[SourceDate "2024.02.28"]
[SourceVersion "1"]
[SourceVersionDate "2024.02.28"]
[SourceQuality "1"]

1. d4 Nf6 2. c4 e6 3. Nf3 b6 4. g3 Bb7 5. Bg2 Bb4+ 6. Bd2 Bxd2+ 7. Qxd2 0-0 8. Nc3 Ne4 9. Nxe4 Bxe4 10. 0-0 d5 11. Rac1 a5 12. c5 Nd7 13. e3 Qf6 14. Ne1 Bxg2 15. Kxg2 bxc5 16. dxc5 Ne5 17. Qd4 Rfb8 18. b3 Rb4 19. Qc3 h5 20. f4 Ng4 21. h3 Qxc3 22. Rxc3 Nf6 23. Nc2 Ne4 24. Nxb4 Nxc3 25. Nc6 Kf8 26. Rf2 a4 27. b4 a3 28. Rc2 Nb5 29. Na5 Ke7 30. Kf2 Kf6 31. c6 Nd6 32. Nb7 Ne4+ 33. Ke1 Ra4 34. Nc5 Rxb4 35. Na6 Rc4 36. Rxc4 dxc4 37. Nxc7 Nd6 38. Kd2 Kf5 39. Na6 Ke4 40. c7 Kf3 41. g4 h4 42. Nc5 Kg2 43. Ke2 f5 44. g5 c3 45. Nxe6 c2 46. Kd2 Kxh3 47. Nxg7 Kg4 48. Ne8 h3 49. Nxd6 h2 50. c8Q h1Q 51. Qxf5+ Kg3 52. Ne4+ Kf3 53. Kxc2 1-0

[Event "CHN-ch U20 Girls"]
[Site "Shanghai"]
[Date "2024.02.18"]
[Round "6"]
[White "Zhou, Lanqier"]
[Black "Shao, Qiyu"]
[Result "1-0"]
[WhiteElo "1385"]
[BlackElo "1624"]
[PlyCount "101"]
[EventDate "2024.02.16"]
[EventType "swiss"]
[EventRounds "11"]
[EventCountry "CHN"]
[SourceTitle "CB09_2024"]
[SourceDate "2024.02.28"]
[SourceVersion "1"]
[SourceVersionDate "2024.02.28"]
[SourceQuality "1"]

1. d4 Nf6 2. c4 e6 3. Nf3 b6 4. g3 Ba6 5. b3 Be7 6. Bg2 d5 7. 0-0 c6 8. Nbd2 Nbd7 9. Qc2 Rc8 10. e4 dxe4 11. Nxe4 Nxe4 12. Qxe4 c5 13. Bb2 0-0 14. Rfd1 Bf6 15. Ne5 Bxe5 16. dxe5 Qc7 17. Rd6 Nb8 18. a4 Rcd8 19. Rad1 Rd7 20. Rxd7 Nxd7 21. Qc6 Qxc6 22. Bxc6 Bc8 23. Rxd7 Bxd7 24. Bxd7 Rd8 25. Bb5 Rd3 26. Kg2 Rxb3 27. Bc1 Kf8 28. h4 h6 29. g4 Ke7 30. g5 hxg5 31. Bxg5+ f6 32. Bf4 f5 33. Bg5+ Kf7 34. Bd8 f4 35. Bc7 Kg6 36. Bb8 a6 37. Bxa6 Kf5 38. Bb5 Kg4 39. Bd7 f3+ 40. Kh2 Rb2 41. Bxe6+ Kxh4 42. Bd5 g5 43. e6 Rxf2+ 44. Kg1 Rg2+ 45. Kf1 g4 46. e7 Re2 47. Bd6 Kh3 48. Bc6 g3 49. Bxf3 Rf2+ 50. Ke1 Rxf3 51. e8Q 1-0

[Event "Hohhot National op"]
[Site "Hohhot"]
[Date "2023.12.24"]
[Round "9"]
[White "Shao, Qiyu"]
[Black "Hu, Mujiletu"]
[Result "1-0"]
[WhiteElo "1640"]
[BlackElo "1455"]
[PlyCount "99"]
[EventDate "2023.12.20"]
[EventType "swiss"]
[EventRounds "9"]
[EventCountry "CHN"]
[SourceTitle "CB52_2023"]
[SourceDate "2023.12.27"]
[SourceVersion "1"]
[SourceVersionDate "2023.12.27"]
[SourceQuality "1"]

1. c4 Nf6 2. Nc3 e5 3. g3 Bb4 4. Nd5 Nxd5 5. cxd5 a5 6. Bg2 0-0 7. Qc2 d6 8. Nf3 c6 9. dxc6 Nxc6 10. a3 Bc5 11. 0-0 Be6 12. e3 a4 13. d4 Bb6 14. Qd3 Na5 15. d5 Bd7 16. Bd2 Nb3 17. Rad1 Rc8 18. Bb4 Bc5 19. Nd2 Nxd2 20. Qxd2 Qb6 21. Bc3 f6 22. Kh1 Bf5 23. e4 Bg4 24. f3 Bd7 25. f4 Bb5 26. Rf3 Bd7 27. h3 Bb5 28. Bf1 Bd7 29. Bg2 Bb5 30. Bb4 Bxb4 31. Qxb4 Rc4 32. Qe1 Rc2 33. Rc1 Rxb2 34. fxe5 dxe5 35. Qc3 Qd4 36. Qxd4 exd4 37. Bf1 Bxf1 38. Rcxf1 Rc8 39. R1f2 Rxf2 40. Rxf2 Rc3 41. Rd2 d3 42. Kg1 Rxa3 43. Kf2 Rc3 44. Ke3 b5 45. Rb2 Rc5 46. Kxd3 f5 47. d6 fxe4+ 48. Kxe4 Kf7 49. Kd4 a3 50. Rf2+ 1-0

[Event "Hohhot National op"]
[Site "Hohhot"]
[Date "2023.12.21"]
[Round "4"]
[White "Wang, Shunshun"]
[Black "Shao, Qiyu"]
[Result "0-1"]
[WhiteElo "1470"]
[BlackElo "1640"]
[PlyCount "98"]
[EventDate "2023.12.20"]
[EventType "swiss"]
[EventRounds "9"]
[EventCountry "CHN"]
[SourceTitle "CB52_2023"]
[SourceDate "2023.12.27"]
[SourceVersion "1"]
[SourceVersionDate "2023.12.27"]
[SourceQuality "1"]

1. d4 e6 2. c4 b6 3. Bf4 Nf6 4. e3 Bb7 5. Nf3 d5 6. Bd3 Bd6 7. Bg5 h6 8. Bh4 Nbd7 9. Nc3 c5 10. cxd5 exd5 11. Nb5 Be7 12. Bg3 0-0 13. 0-0 Ne4 14. Bxe4 dxe4 15. Ne5 a6 16. Nc3 Nxe5 17. dxe5 Qxd1 18. Rfxd1 Rfd8 19. Kf1 b5 20. Ke2 b4 21. Na4 Bc6 22. Nb6 Rxd1 23. Rxd1 Rd8 24. Rc1 Bb5+ 25. Nc4 f6 26. Ke1 fxe5 27. Bxe5 Rd5 28. Bc7 Bf6 29. Bb6 Bxc4 30. Rxc4 Bxb2 31. Rc2 Bc3+ 32. Ke2 c4 33. f3 Rb5 34. Bd4 exf3+ 35. gxf3 Bxd4 36. exd4 b3 37. axb3 cxb3 38. Rb2 Kf7 39. Kd3 Rb4 40. Kc3 a5 41. d5 Ke7 42. Re2+ Kd6 43. Kb2 Kxd5 44. Re7 a4 45. Ra7 Ke5 46. Re7+ Kf4 47. Rxg7 Kxf3 48. Ra7 Rh4 49. h3 Re4 0-1

[Event "Belt and Road op-B 3rd"]
[Site "Qinhuangdao"]
[Date "2023.11.20"]
[Round "3"]
[White "Shao, Qiyu"]
[Black "Zhang, Zhi"]
[Result "0-1"]
[WhiteElo "1689"]
[BlackElo "1729"]
[PlyCount "82"]
[EventDate "2023.11.19"]
[EventType "swiss"]
[EventRounds "9"]
[EventCountry "CHN"]
[SourceTitle "CB49_2023"]
[SourceDate "2023.12.06"]
[SourceVersion "1"]
[SourceVersionDate "2023.12.06"]
[SourceQuality "1"]

1. c4 b6 2. Nc3 e6 3. e4 Bb7 4. d4 Bb4 5. Bd3 c5 6. d5 Bxc3+ 7. bxc3 e5 8. Qg4 Qf6 9. h4 h5 10. Qg3 g6 11. Nh3 d6 12. 0-0 Nd7 13. f4 Qg7 14. Ng5 Nh6 15. fxe5 Nxe5 16. Bf4 Bc8 17. Bxe5 dxe5 18. Be2 0-0 19. Rad1 Rd8 20. d6 f6 21. Qd3 Kh8 22. Qd5 Bb7 23. Qe6 fxg5 24. hxg5 Re8 25. Qh3 Nf7 26. Qh4 Re6 27. d7 Rd6 28. Bxh5 gxh5 29. Qxh5+ Kg8 30. Rxd6 Nxd6 31. Rf6 Bxe4 32. Rxd6 Qe7 33. Rh6 Kg7 34. g6 Qf6 35. Rh7+ Kg8 36. Qd1 Rd8 37. Rf7 Qxg6 38. Rf2 Bc6 39. Qe1 Qg5 40. Qe2 Rxd7 41. g4 Rg7 0-1

[Event "Belt and Road op-B 3rd"]
[Site "Qinhuangdao"]
[Date "2023.11.19"]
[Round "2"]
[White "Yuan, Qijun"]
[Black "Shao, Qiyu"]
[Result "0-1"]
[WhiteElo "1269"]
[BlackElo "1689"]
[PlyCount "32"]
[EventDate "2023.11.19"]
[EventType "swiss"]
[EventRounds "9"]
[EventCountry "CHN"]
[SourceTitle "CB49_2023"]
[SourceDate "2023.12.06"]
[SourceVersion "1"]
[SourceVersionDate "2023.12.06"]
[SourceQuality "1"]

1. e4 c5 2. Nf3 e6 3. b3 d5 4. exd5 exd5 5. d4 Nf6 6. Bb5+ Nc6 7. Ba3 Qa5+ 8. b4 Qxb5 9. bxc5 Be7 10. Qe2 Qxe2+ 11. Kxe2 0-0 12. Re1 b6 13. cxb6 Bxa3 14. Nxa3 axb6 15. Nb1 Nb4 16. Rc1 Bf5 0-1

[Event "Tianjin Binhai Cup-B 3rd"]
[Site "Tianjin"]
[Date "2023.08.24"]
[Round "7"]
[White "Shao, Qiyu"]
[Black "Hu, Zhening"]
[Result "1/2-1/2"]
[WhiteElo "1548"]
[BlackElo "1778"]
[PlyCount "51"]
[EventDate "2023.08.20"]
[EventType "swiss"]
[EventRounds "9"]
[EventCountry "CHN"]
[SourceTitle "EXT 2024"]
[Source "ChessBase"]
[SourceDate "2023.10.10"]
[SourceVersion "1"]
[SourceVersionDate "2023.10.10"]
[SourceQuality "1"]

1. c4 Nf6 2. Nc3 e6 3. e4 d5 4. cxd5 exd5 5. e5 d4 6. exf6 dxc3 7. fxg7 cxd2+ 8. Qxd2 Qxd2+ 9. Bxd2 Bxg7 10. 0-0-0 Be6 11. b3 Nc6 12. Nf3 0-0-0 13. Bb5 Bd5 14. Bg5 Rd7 15. Rhe1 a6 16. Bxc6 Bxc6 17. Rxd7 Bxd7 18. Re7 Rf8 19. g3 h6 20. Bf4 Bf6 21. Re3 h5 22. Ng5 Bd8 23. h4 Bf5 24. Nf3 Bg4 25. Ne5 Bf5 26. Nf3 1/2-1/2

[Event "Tianjin Binhai Cup-B 3rd"]
[Site "Tianjin"]
[Date "2023.08.23"]
[Round "6"]
[White "Ha, Yihan"]
[Black "Shao, Qiyu"]
[Result "0-1"]
[WhiteElo "1681"]
[BlackElo "1548"]
[PlyCount "98"]
[EventDate "2023.08.20"]
[EventType "swiss"]
[EventRounds "9"]
[EventCountry "CHN"]
[SourceTitle "EXT 2024"]
[Source "ChessBase"]
[SourceDate "2023.10.10"]
[SourceVersion "1"]
[SourceVersionDate "2023.10.10"]
[SourceQuality "1"]

1. d4 e6 2. c4 d5 3. Nc3 Nf6 4. cxd5 exd5 5. Bg5 c6 6. e3 Be7 7. Bd3 Bg4 8. f3 Bh5 9. Nge2 Bg6 10. 0-0 Qb6 11. e4 Qd8 12. Bxf6 Bxf6 13. e5 Be7 14. f4 Qb6 15. f5 Bh5 16. f6 gxf6 17. exf6 Bd6 18. Qd2 Nd7 19. Qe3+ Kd8 20. Nf4 Bg6 21. Nxg6 hxg6 22. g3 Qxb2 23. Ne2 Re8 24. Qf3 Qd2 25. Rad1 Qe3+ 26. Kg2 Qxf3+ 27. Rxf3 Kc7 28. g4 g5 29. Rf5 Rg8 30. Rc1 Rae8 31. Nc3 Kb8 32. h3 Bf4 33. Rd1 Re6 34. Ne2 Bc7 35. Rdf1 Bd8 36. Ng3 Rxf6 37. Nh5 Rxf5 38. Bxf5 Nb6 39. Bh7 Rf8 40. Ng7 Be7 41. Nf5 Bf6 42. Nd6 Bxd4 43. Nxf7 Be3 44. h4 gxh4 45. g5 Bxg5 46. Nxg5 Rxf1 47. Kxf1 Kc7 48. Nf3 Kd6 49. Nxh4 Kc5 0-1

[Event "CHN-chT (Women)"]
[Site "Hangzhou"]
[Date "2023.05.20"]
[Round "2.1"]
[White "Shao, Qiyu"]
[Black "Liu, Manli"]
[Result "0-1"]
[WhiteElo "1506"]
[BlackElo "2024"]
[PlyCount "52"]
[EventDate "2023.05.19"]
[EventType "team-swiss"]
[EventRounds "9"]
[EventCountry "CHN"]
[SourceTitle "CBM 214 Extra"]
[Source "ChessBase"]
[SourceDate "2023.07.31"]
[SourceVersion "1"]
[SourceVersionDate "2023.07.31"]
[SourceQuality "1"]
[WhiteTeam "Qingdao (W)"]
[BlackTeam "Guangdong (W)"]
[WhiteTeamCountry "CHN"]
[BlackTeamCountry "CHN"]

1. c4 f5 2. d4 e6 3. Nc3 Nf6 4. g3 Be7 5. Bg2 0-0 6. Nf3 d6 7. 0-0 Qe8 8. Qc2 a5 9. e4 fxe4 10. Nxe4 Qh5 11. h4 h6 12. Nh2 Nc6 13. Be3 e5 14. dxe5 Nxe5 15. Bd4 Nfg4 16. Qe2 Qg6 17. Nc3 Bd8 18. Be4 Bf5 19. Nxg4 Nxg4 20. Bxf5 Rxf5 21. Kh1 c5 22. Be3 Bxh4 23. gxh4 Qh5 24. Kg2 Qxh4 25. Rh1 Nxe3+ 26. Qxe3 Rg5+ 0-1

[Event "CHN-ch sf (Women)"]
[Site "Hefei"]
[Date "2023.04.27"]
[Round "9"]
[White "Shao, Qiyu"]
[Black "Zhi, Jingyi"]
[Result "0-1"]
[WhiteElo "1664"]
[BlackElo "1353"]
[PlyCount "90"]
[EventDate "2023.04.23"]
[EventType "swiss"]
[EventRounds "11"]
[EventCountry "CHN"]
[SourceTitle "CBM 214 Extra"]
[Source "ChessBase"]
[SourceDate "2023.07.31"]
[SourceVersion "1"]
[SourceVersionDate "2023.07.31"]
[SourceQuality "1"]

1. c4 e6 2. Nf3 Nf6 3. Nc3 d5 4. e3 Be7 5. b3 0-0 6. Bb2 c5 7. d4 Nc6 8. Be2 cxd4 9. Nxd4 Nxd4 10. Qxd4 Qa5 11. 0-0 dxc4 12. Qxc4 Bd7 13. Ne4 Nxe4 14. Qxe4 Bc6 15. Qg4 Qg5 16. Qxg5 Bxg5 17. b4 a6 18. a4 Rfd8 19. b5 Rd2 20. bxc6 Rxe2 21. cxb7 Rb8 22. Bd4 Rxb7 23. Rab1 Rxb1 24. Rxb1 h6 25. Kf1 Ra2 26. Ra1 Rc2 27. Ra3 Bf6 28. Bb6 Rc6 29. a5 Kf8 30. Rd3 Ke8 31. Ke2 Be7 32. f4 Bd6 33. Rb3 Kd7 34. Bd4 f6 35. Kf3 Bc7 36. Ra3 e5 37. fxe5 fxe5 38. Bc3 Rc4 39. Ke2 Kc6 40. Kd3 Kd5 41. Rb3 g6 42. Rb7 e4+ 43. Kd2 Bxh2 44. Rg7 Rxc3 45. Rxg6 Rc6 0-1

[Event "CHN-chTB"]
[Site "Hefei"]
[Date "2023.04.21"]
[Round "8"]
[White "Ma, Xinyi"]
[Black "Shao, Qiyu"]
[Result "0-1"]
[WhiteElo "1206"]
[BlackElo "1664"]
[PlyCount "118"]
[EventDate "2023.04.17"]
[EventType "team-swiss"]
[EventRounds "9"]
[EventCountry "CHN"]
[SourceTitle "EXT 2024"]
[Source "ChessBase"]
[SourceDate "2023.10.10"]
[SourceVersion "1"]
[SourceVersionDate "2023.10.10"]
[SourceQuality "1"]
[WhiteTeam "Wuxi High Level"]
[BlackTeam "Qingdao Qingwei"]
[WhiteTeamCountry "CHN"]
[BlackTeamCountry "CHN"]

1. e4 d5 2. exd5 Qxd5 3. Nc3 Qa5 4. Nf3 Nf6 5. d4 c6 6. Bd2 Qc7 7. h3 Bf5 8. Bc4 e6 9. 0-0 Bd6 10. Re1 0-0 11. Bg5 Nd5 12. Ne4 Bf4 13. Bxf4 Qxf4 14. Ng3 Nd7 15. Nxf5 Qxf5 16. Bd3 Qf6 17. Ne5 Nxe5 18. dxe5 Qg5 19. Qf3 Nf4 20. Bf1 Rad8 21. Qe3 Qf5 22. Qe4 Qxe4 23. Rxe4 Ng6 24. Bd3 Rd5 25. f4 Rfd8 26. Kf2 Nf8 27. Re3 Nd7 28. Ke2 Nc5 29. Rd1 Rd4 30. g3 Na4 31. c3 R4d5 32. Rd2 b5 33. Re4 Nxb2 34. Rxb2 Rxd3 35. Re3 Rd1 36. g4 Rh1 37. Rf3 Rh2+ 38. Rf2 Rxh3 39. Rb3 Rdd3 40. Ra3 Rxc3 41. Rxa7 g6 42. Rc7 Rh1 43. Rb7 Ra1 44. Ra7 b4 45. Kd2 Rac1 46. Rb7 c5 47. Rb5 h5 48. gxh5 R1c2+ 49. Ke1 Rxf2 50. Kxf2 gxh5 51. Kg2 Kg7 52. Rb7 Kg6 53. Kh2 Rc2+ 54. Kg3 Rxa2 55. Rb5 Rc2 56. Kh4 Kf5 57. Kg3 Rc3+ 58. Kf2 Kxf4 59. Rb7 Rc2+ 0-1

[Event "CHN-chTB"]
[Site "Hefei"]
[Date "2023.04.18"]
[Round "3"]
[White "Guo, Hanxi"]
[Black "Shao, Qiyu"]
[Result "1/2-1/2"]
[WhiteElo "1594"]
[BlackElo "1664"]
[PlyCount "113"]
[EventDate "2023.04.17"]
[EventType "team-swiss"]
[EventRounds "9"]
[EventCountry "CHN"]
[SourceTitle "EXT 2024"]
[Source "ChessBase"]
[SourceDate "2023.10.10"]
[SourceVersion "1"]
[SourceVersionDate "2023.10.10"]
[SourceQuality "1"]
[WhiteTeam "Tianjin Yipin"]
[BlackTeam "Qingdao Qingwei"]
[WhiteTeamCountry "CHN"]
[BlackTeamCountry "CHN"]

1. e4 c5 2. Nf3 Nc6 3. d4 cxd4 4. Nxd4 Nf6 5. Nc3 e5 6. Ndb5 d6 7. Bg5 a6 8. Na3 b5 9. Nd5 Be7 10. Bxf6 Bxf6 11. c3 Bg5 12. Nc2 Rb8 13. g3 0-0 14. Bg2 Ne7 15. Ncb4 Bb7 16. 0-0 a5 17. Nxe7+ Qxe7 18. Nd5 Qe6 19. h4 Bh6 20. Kh2 Bxd5 21. Bh3 f5 22. Qxd5 Qxd5 23. exd5 Rbc8 24. a4 bxa4 25. Rxa4 Rc5 26. Rd1 g6 27. Bf1 f4 28. g4 Re8 29. g5 Bf8 30. Bh3 Rb8 31. Rd2 Kg7 32. Bd7 h6 33. gxh6+ Kxh6 34. b4 axb4 35. Rxb4 Rd8 36. Be6 Rxc3 37. Rb7 Bg7 38. Rf7 e4 39. Ra2 Rf8 40. Rd7 Be5 41. Raa7 Rh8 42. f3 g5 43. Bf5 gxh4 44. Rh7+ Kg5 45. Bxe4 Re3 46. Rxh8 Bxh8 47. Ra8 Be5 48. Kh3 Re1 49. Rg8+ Kf6 50. Rg4 Rc1 51. Rg6+ Kf7 52. Kxh4 Rh1+ 53. Kg5 Rg1+ 54. Kh5 Rh1+ 55. Kg5 Rh3 56. Rh6 Rg3+ 57. Kf5 1/2-1/2

[Event "CHN-chB (Women)"]
[Site "Qiziwan"]
[Date "2023.02.02"]
[Round "7"]
[White "Liu, Manli"]
[Black "Shao, Qiyu"]
[Result "1-0"]
[WhiteElo "2192"]
[BlackElo "1544"]
[PlyCount "100"]
[EventDate "2023.01.30"]
[EventType "swiss"]
[EventRounds "11"]
[EventCountry "CHN"]
[SourceTitle "CBM 212 Extra"]
[Source "ChessBase"]
[SourceDate "2023.03.31"]
[SourceVersion "1"]
[SourceVersionDate "2023.03.31"]
[SourceQuality "1"]

1. e4 c5 2. Nf3 Nc6 3. Bb5 g6 4. Bxc6 dxc6 5. d3 Bg7 6. h3 Nf6 7. Nc3 Qc7 8. 0-0 e5 9. Be3 b6 10. Qd2 h6 11. Nh2 g5 12. b3 g4 13. hxg4 Nxg4 14. Nxg4 Bxg4 15. Ne2 0-0-0 16. f3 Be6 17. Kf2 f5 18. exf5 Bxf5 19. Ng3 Bg6 20. Ne4 Rhf8 21. Qc3 Qe7 22. Rh1 Bxe4 23. dxe4 Rd6 24. Rh5 Rfd8 25. Rah1 Qf8 26. Rf5 Qe7 27. Ke2 Rg6 28. g4 Rf8 29. Qc4 Rd6 30. Rhh5 Kb7 31. a3 Qe6 32. Qxe6 Rxe6 33. Rxf8 Bxf8 34. Rf5 Bd6 35. Rf7+ Ka6 36. Kd3 Rg6 37. Kc4 Re6 38. b4 cxb4 39. axb4 Bb8 40. Kb3 Bd6 41. c4 Be7 42. Ka4 c5 43. b5+ Kb7 44. g5 hxg5 45. Bxg5 Kc8 46. Bxe7 Rh6 47. Bf6 Rh5 48. Kb3 Kb8 49. Re7 a6 50. bxa6 Ka8 1-0